Normal view
MARC view
Entry Personal Name
001 - CONTROL NUMBER
- control field: 3776
003 - CONTROL NUMBER IDENTIFIER
- control field: OSt
005 - DATE AND TIME OF LATEST TRANSACTION
- control field: 20150414135619.0
008 - FIXED-LENGTH DATA ELEMENTS
- fixed length control field: 150414|| aca||aabn | a|a d
040 ## - CATALOGING SOURCE
- Original cataloging agency: OSt
- Transcribing agency: OSt
100 ## - HEADING--PERSONAL NAME
- Personal name: Nolan, J.
- Fuller form of name: (James)
670 ## - SOURCE DATA FOUND
- Source citation: Work cat.: (OSt)1428: Ghuran, Azad. 3766, Emergency cardiology :, 2003.
